LEADER 00811nam a2200193 i 4500 001 000000249103 003 CaOOAMICUS 005 20230928144017.0 008 160429s1806 it u000 u ita u 026 $al-ra a.a, iam. brpr (3) 1806 (R) 040 $aSeMil$bita 245 00$a2: C-D. 300 $a531, [1] p. 500 $aSegn.: A-3V4 3X2 773 0 $aAccademia della Crusca$tVocabolario degli Accademici della Crusca oltre le giunte fatteci finora, cresciuto d'assai migliaja di voci e modi de' classici, le piu trovate da veronesi ... Tomo 1. [-7.].$dVerona : Dalla Stamperia di Dionigi Ramanzini, 1806.$g2$w()6007 850 $aSeMil 852 $aSeMil$W1$xVenegono$y1$m1B VII 15 FA$j199449$B199449$CSeMilBibl$Z2$F210914 $8I 996 $6245$a2: C-D$9(OLS)http://semarc/title/445717 LEADER 01015nam a2200241 i 4500 001 000000205067 003 CaOOAMICUS 005 20160906000000.0 008 160906s1880 it u000 u ita u 013 $a183801 040 $aSeMil$bita 100 1 $aDel Giudice, Pasquale <1842-1924>.$0(OLS)http://semarc/name/15233 245 13$aLa vendetta nel diritto longobardo /$cdi Pasquale Del Giudice. 260 $aMilano :$bUlrico Hoepli,$c1880. 300 $aIV, 77 p. ;$c23 cm. 490 0 $aStudi giuridici e politici 500 $aGià pubbl. in : Archivio storico lombardo, a. 3 (1876), fasc. 2. 650 4$aLongobardi - Diritto.$0(OLS)http://semarc/subject/38588 830 0$aStudi giuridici e politici.$0(OLS)http://semarc/title/34568 850 $aSeMil 852 $aSeMil$W1$xVenegono$y1$m3L IV 2 FA$j155561$B155561$CSeMilBibl$Z2$F213373 $8I 996 $6245$aLa vendetta nel diritto longobardo$9(OLS)http://semarc/title/296902 996 $6260$aMilano :$bUlrico Hoepli$9(OLS)http://semarc/publisher/29765